000 00698nam a2200241 a 4500
999 _c753
_d753
008 191028r20012010ii a|||g |||| 00| 0 eng d
020 _a9788185749624
_cRs. 325.00
040 _aKO
_beng
041 0 _aeng
044 _aii
082 0 4 _223
_a604.2
_bG4101
100 1 _aGill, P. S.
245 1 0 _aA Textbook of Engineering Drawing :
_bGeometrical Drawing /
_cP. S. Gill
250 _a11th ed.
260 _aNew Delhi :
_bS. K. Kataria & Sons,
_c2001, reprinted 2010
300 _a710 p. :
_bill. ;
_c24 cm.
650 0 _aMechanical drawing
_xEngineering drawings
_vTextbooks
650 0 _aGeometrical drawing
_xTextbooks
650 0 _aProjection
904 _aS_JOY
942 _cBK